Five Famous People by Last Name #1 - Statistics

General Stats
  • This quiz has been taken 518 times
    471 since last reset
  • The average score is 17 of 30
Answer Stats
Hint Answer % Correct
He had a dream Martin Luther King
97%
World's most famous horror writer Stephen King
93%
Spiderman's alter-ego Peter Parker
89%
Actor known as "The Rock" Dwayne Johnson
86%
Clyde's partner in crime Bonnie Parker
84%
"Last Friday Night" singer Katy Perry
80%
Chandler from "Friends" Matthew Perry
76%
He defended British soldiersafter the Boston Massacre John Adams
69%
Only U.S. president that was born in Texas Lyndon Johnson
67%
Actress who starred as Carrie in "Sex and the City" Sarah Jessica Parker
65%
Actress who portrayedRose in "The Golden Girls" Betty White
64%
Tennis player who won the"Battle of the Sexes" Billie Jean King
63%
6x Oscars Best Actress nominee Amy Adams
61%
Lakers player who got HIV Magic Johnson
61%
Everything he does (is for you) Bryan Adams
58%
R&B singer with a very low voice Barry White
57%
First impeached U.S. president Andrew Johnson
53%
Heisenberg's true identity Walter White
50%
Was beaten by Los Angeles cops Rodney King
48%
Elvis Presley's manager Colonel Tom Parker
44%
Lead vocalist of Journey Steve Perry
44%
"The White Stripes" lead vocalist Jack White
41%
Comedian actor who portrayed Madea Tyler Perry
40%
Beer brand namesake Samuel Adams
38%
Saxophonist called the "Bird" Charlie Parker
37%
Notable boxing promoter Don King
36%
Canadian sprinter and steroid user Ben Johnson
31%
Leader of Sinn Féin, 1983–2018 Gerry Adams
24%
Governor of Texas, 2000–2015 Rick Perry
14%
Supreme justice RGB succeeded Byron White
4%
No matching quizzes found
Score Distribution
Percent of People with Each Score
Percentile by Number Answered
Your Score History
You have not taken this quiz since the last reset